Portafolio de conservación de agua dulce para la Cuenca del Magdalena - Cauca (Registro nro. 7410)

Detalles MARC
000 -CABECERA
Campo de control 01107nam a22002897a 4500
005 - FECHA Y HORA DE LA ULTIMA TRANSACCION
Campo de control 20160621020002.0
008 - ELEMENTOS DE LONGITUD FIJA—INFORMACION GENERAL
Campo de control 130722b2012 ck ||||| |||| 00| 0 spa d
041 ## - IDIOMA
Código de idioma para texto/pista de sonido o título separado Español
044 ## - PAÍS DE PUBLICACIÓN
País de publicación Colombia
082 ## - NUMERO DE CLASIFICACION DECIMAL DEWEY
Número de clasificación 333.917
Número del ítem T275p
100 ## - ASIENTO PRINCIPAL--NOMBRE PERSONAL
Nombre personal Tellez, Patricia
245 ## - MENCION DE TITULO
Título Portafolio de conservación de agua dulce para la Cuenca del Magdalena - Cauca
Mención de responsabilidad Tellez, Patricia ... [et al].
260 ## - PUBLICACION, DISTRIBUCION, ETC. (PIE DE IMPRENTA)
Lugar de publicación, distribución, etc. Bogotá
Nombre del editor, distribuidor, etc. Cormagdalena
-- Fundación Mario Santo Domingo
-- The Nature conservancy
Fecha de publicación, distribución, etc. 2012
300 ## - DESCRIPCION FISICA
Extensión 199 p.
Otros detalles físicos il., mapas, tablas.
Dimensiones 28 cm.
Material acompañante CD-ROM, mapas
504 ## - NOTA DE BIBLIOGRAFIA, ETC.
Nota de bibliografía Incluye 3 mapas y un cd-rom.
590 ## - NOTA LOCAL
Nota local Incluye mapa CID-058265, CID-058266, CID-058267<br/>Incluye CD-ROM CID-058263
650 ## - ASIENTO SECUNDARIO DE MATERIA - TERMINO TEMATICO
Término temático o nombre geográfico como elemento de entrada Cuencas hidrográficas
Subdivisión geográfica Magdalena (Rio, colombia)
650 ## - ASIENTO SECUNDARIO DE MATERIA - TERMINO TEMATICO
Término temático o nombre geográfico como elemento de entrada Servicios ambientales
650 ## - ASIENTO SECUNDARIO DE MATERIA - TERMINO TEMATICO
Término temático o nombre geográfico como elemento de entrada Flujos ecológicos
650 ## - ASIENTO SECUNDARIO DE MATERIA - TERMINO TEMATICO
Término temático o nombre geográfico como elemento de entrada Sostenibilidad ambiental
650 ## - ASIENTO SECUNDARIO DE MATERIA - TERMINO TEMATICO
Término temático o nombre geográfico como elemento de entrada Áreas prioritarias de conservación
700 ## - ASIENTO SECUNDARIO - NOMBRE PERSONAL
Nombre personal Petry, Paulo
700 ## - ASIENTO SECUNDARIO - NOMBRE PERSONAL
Nombre personal Walschburger, Toma
700 ## - ASIENTO SECUNDARIO - NOMBRE PERSONAL
Nombre personal Higgins, Jonathan
700 ## - ASIENTO SECUNDARIO - NOMBRE PERSONAL
Nombre personal Apse, Colin
942 ## - ELEMENTOS ADICIONALES (KOHA)
Sistema de clasificación Dewey Decimal Classification
Tipo de ítem
Koha issues (borrowed), all copies 3
Existencias
Withdrawn status Lost status Sistema de Clasificación Damaged status No para préstamo Colección Inventariado Ubicación Permanente Ubicación actual Fecha de adquisición Fuente de Valor Valor Total Checkouts Número topográfico Inventario / Código de Barras Date last seen Date checked out Ejemplar Price effective from Tipo de material
    Dewey Decimal Classification     General Inventariado 2017 Bogotá Bogotá 22/07/2013 Instituto 39000.00 3 LB-333.917 T275p 058264 19/09/2018 20/06/2016 Ej. 1 22/07/2013 Libro
    Local     Audiovisual   Bogotá Bogotá 21/11/2013       LB-333.917 T275p 058598 21/11/2013   Ej. 2 21/11/2013 CD-ROM